| 000 | 01124naa a2200289 c 4500 | ||
|---|---|---|---|
| 001 | 32321 | ||
| 003 | ES-MaCES | ||
| 005 | 20161014112457.0 | ||
| 008 | 010620n1999 lu ||| | fre d | ||
| 035 | _aCES20010003373v | ||
| 040 |
_aES-MaCES _bspa _cES-MaCES |
||
| 245 | 0 | 0 |
_aFusions et acquisitions _b: resume et points essentiels _c[Commission européenne, Direction générale "Affaires économiques et financières"] |
| 500 | _aAnexo estadístico: p. 101-293 | ||
| 650 | 4 |
_acuadros estadísticos _928890 |
|
| 650 | 4 |
_aanálisis económico _927070 |
|
| 650 | 4 |
_acompra de una empresa por sus administradores _930342 |
|
| 650 | 4 |
_afusión de empresas _928182 |
|
| 653 | 1 | 0 | _aEmpresa |
| 650 | 4 |
_928178 _aempresa |
|
| 650 | 4 |
_929020 _apaís de la UE |
|
| 650 | 4 |
_926752 _aUE |
|
| 773 | 0 |
_tEconomie européenne _gnº 5/6 (2000){10148 R. 042515}; 25 p. _w(ES-MaCES)25166 _938678 |
|
| 710 | 1 |
_92029 _aComisión de las Comunidades Europeas _bDirección General de Asuntos Económicos y Financieros |
|
| 902 | _aMON Monográfico de revista | ||
| 942 |
_2CES _cAR _h0.0. |
||
| 999 |
_c32321 _d32321 |
||